| 000 | 00484pab a2200181 454500 | ||
|---|---|---|---|
| 008 | 180718b2010 xxu||||| |||| 00| 0 eng d | ||
| 100 | _aEroglu, Sebnem | ||
| 245 | _aInformal finance and the urban poor: an investigation of rotating savings and credit associations in Turkey | ||
| 260 | _c2010 | ||
| 300 | _ap.461-81. | ||
| 362 | _aJul | ||
| 650 | _aUrban poor | ||
| 650 | _aCredit | ||
| 650 | _aSavings | ||
| 773 | _aJournal of Social Policy | ||
| 908 | _aN | ||
| 909 | _a87025 | ||
| 999 |
_c87025 _d87025 |
||